000 00832cam a2200241 c 4500
001 a5048998
003 CO-ViMGA
005 20230915223801.0
008 110519s2008 sp a | |||| 000 1 spa
020 _a9788498855821
040 _aCO-ViMGA
_bspa
_cCO-ViMGA
041 1 _heng
082 0 4 _a741.5
_bW32i
100 1 _aWhedon, Joss
_d1964-
_99068
245 1 0 _aImparable /
_h[Texto impreso]
_cJoss Whedon [guión] ; John Cassaday [dibujo ; Santiago García, traducción]
260 _aTorroella de Montgrí, Girona
_bPanini España ;
_aBarcelona
_bdistribución, Sd Distribucin̤
_cD.L. 2008
300 _a[206] p.
_bprincipalmente il. col.
_c27 cm..
490 0 _aAstonishing X-Men
650 1 4 _aComics
_9284
650 1 4 _aTiras comicas, historietas, etc.
_92479
700 1 _aCassaday, John
_d1971-
_99069
942 _2ddc
_cBK
999 _c10384
_d10384